Chính sách đất đai cho tăng trưởng và xoá đói giảm nghèo : (Sách tham khảo) /
Các quyền sở hữu tài sản đối với đất đai; Các giao dịch về đất; Nuôi dưỡng các phương thức sử dụng đất đai mà xã hội muốn có; Các cuộc hội thảo khu vực.
Đã lưu trong:
| Andre forfattere: | , , , |
|---|---|
| Format: | Bog |
| Sprog: | Vietnamese |
| Udgivet: |
[Hà Nội] :
Văn hoá - Thông tin,
2004.
|
| Fag: | |
| Tags: |
Tilføj Tag
Ingen Tags, Vær først til at tagge denne postø!
|
| Thư viện lưu trữ: | Mạng thư viện Đại học Đà Nẵng |
|---|
| LEADER | 01564cam a2200385 a 4500 | ||
|---|---|---|---|
| 001 | 000043865 | ||
| 003 | 1981 | ||
| 005 | 20060927085502.0 | ||
| 008 | 010217b2004 vm 000 vie | ||
| 020 | |c 60000 | ||
| 040 | |a LIRC |c LIRC |d LIRC | ||
| 041 | 1 | |a vie | |
| 082 | 1 | 4 | |a 333 |b Ch-S |
| 245 | 0 | 0 | |a Chính sách đất đai cho tăng trưởng và xoá đói giảm nghèo : |b (Sách tham khảo) / |c Người dịch : Vũ Cương, Trần Thị Hạnh, Lê Kim Tiên, Lê Đồng Tâm ; Hiệu đính : Vũ Cương. |
| 260 | |a [Hà Nội] : |b Văn hoá - Thông tin, |c 2004. | ||
| 300 | |a 297 tr. ; |c 24 cm. | ||
| 520 | 3 | |a Các quyền sở hữu tài sản đối với đất đai; Các giao dịch về đất; Nuôi dưỡng các phương thức sử dụng đất đai mà xã hội muốn có; Các cuộc hội thảo khu vực. | |
| 630 | 0 | 4 | |a Đất đai. |
| 650 | 0 | 4 | |a Đất đai |x Chính sách. |
| 700 | 1 | |a Vũ Cương, |e dịch. | |
| 700 | 1 | |a Trần Thị Hạnh, |e dịch. | |
| 700 | 1 | |a Lê Kim Tiên, |e dịch. | |
| 700 | 1 | |a Lê Đồng Tâm, |e dịch. | |
| OWN | |a DUT | ||
| AVA | |a UDN50 |b DUT |c Book |d 333 Ch-S |e available |t Error 5001 Not defined in file expand_doc_bib_avail. |f 2 |g 0 |h N |i 0 |j SH |k 1 | ||
| 999 | |a From the UDN01 | ||
| AVA | |a UDN50 |b DUT |c Book |d 333 Ch-S |e available |t Error 5001 Not defined in file expand_doc_bib_avail. |f 2 |g 0 |h N |i 0 |j SH |k 1 | ||
| TYP | |a Monograph | ||
| TYP | |a Printed language | ||
| 980 | |a Mạng thư viện Đại học Đà Nẵng | ||